[Event "Oberliga Nord N 1920"]
[Site "Germany"]
[Date "2021.08.15"]
[Round "9.6"]
[White "Holst, Marten"]
[Black "Hermann, Matthias"]
[Result "0-1"]
[WhiteElo "1931"]
[BlackElo "2225"]
[PlyCount "48"]
[EventDate "2019.09.29"]
[EventType "team-tourn"]
[EventRounds "9"]
[EventCountry "GER"]
[SourceTitle "EXT 2023"]
[Source "ChessBase"]
[SourceDate "2022.10.05"]
[SourceVersion "1"]
[SourceVersionDate "2022.10.05"]
[SourceQuality "1"]
[WhiteTeam "Harburg Diagonale"]
[BlackTeam "Hamburg Schachfreunde"]
[WhiteTeamCountry "GER"]
[BlackTeamCountry "GER"]

1. b3 d6 2. Bb2 e5 3. g3 f5 4. Bg2 Nf6 5. e3 c6 6. Ne2 Be6 7. 0-0 Be7 8. d4 Nbd7 9. c4 0-0 10. Nbc3 Bf7 11. d5 Rc8 12. Rc1 g5 13. f4 Ng4 14. Qd2 Qb6 15. Nd1 gxf4 16. gxf4 cxd5 17. Bxd5 Ndf6 18. Bxf7+ Rxf7 19. h3 Rg7 20. hxg4 Rxg4+ 21. Kh2 Rh4+ 22. Kg1 Kh8 23. Qe1 Rg8+ 24. Ng3 Qc6 0-1

[Event "Hamburg-chT Landesliga 1920"]
[Site "Hamburg"]
[Date "2019.11.24"]
[Round "3.4"]
[White "Conrad, Christian"]
[Black "Hermann, Matthias"]
[Result "0-1"]
[WhiteElo "2114"]
[BlackElo "2228"]
[PlyCount "76"]
[EventDate "2019.09.29"]
[EventType "team-tourn"]
[EventRounds "9"]
[EventCountry "GER"]
[SourceTitle "EXT 2021"]
[Source "ChessBase"]
[SourceDate "2020.10.23"]
[SourceVersion "1"]
[SourceVersionDate "2020.10.23"]
[SourceQuality "1"]

1. Nf3 c5 2. g3 d5 3. Bg2 Nc6 4. 0-0 Nf6 5. c4 d4 6. d3 Bg4 7. h3 Bxf3 8. Bxf3 Qd7 9. Bg2 e5 10. e3 Be7 11. Re1 Rc8 12. exd4 exd4 13. Bf4 0-0 14. Nd2 Rfe8 15. Nf3 Bd6 16. Bxd6 Qxd6 17. a3 Rxe1+ 18. Nxe1 Rc7 19. Rb1 a5 20. Qa4 b6 21. Qb5 Nd7 22. Bxc6 Rxc6 23. b4 axb4 24. axb4 g5 25. Qa4 Qf6 26. Qd1 Ne5 27. Kg2 Qf5 28. g4 Qf6 29. Kg1 Qh6 30. Nf3 Ng6 31. Kh2 Nf4 32. Qf1 Rf6 33. Ne5 Re6 34. Re1 Qf6 35. Nf3 Rxe1 36. Nxe1 cxb4 37. Qh1 Qd6 38. Kg1 Kg7 0-1

[Event "Oberliga Nord N 1314"]
[Site "Germany"]
[Date "2013.10.13"]
[Round "1.6"]
[White "Hermann, Matthias"]
[Black "Voelzke, Ferdinand"]
[Result "1/2-1/2"]
[WhiteElo "2234"]
[BlackElo "2181"]
[PlyCount "31"]
[EventDate "2013.10.13"]
[EventType "team-tourn"]
[EventRounds "9"]
[EventCountry "GER"]
[SourceTitle "EXT 2015"]
[Source "ChessBase"]
[SourceDate "2014.11.20"]
[SourceVersion "1"]
[SourceVersionDate "2014.11.20"]
[SourceQuality "1"]
[WhiteTeam "Hamburg SF"]
[BlackTeam "Kiel Turm"]
[WhiteTeamCountry "GER"]
[BlackTeamCountry "GER"]

1. Nc3 d5 2. e4 c6 3. Nf3 Bg4 4. exd5 cxd5 5. Be2 Nf6 6. h3 Bxf3 7. Bxf3 e6 8. 0-0 Be7 9. d4 0-0 10. Qd3 Nc6 11. Bf4 Re8 12. Rad1 a6 13. Bc1 Qc7 14. g3 b5 15. Rfe1 Na5 16. Re2 1/2-1/2

[Event "Oberliga Nord N 1213"]
[Site "Germany"]
[Date "2013.02.03"]
[Round "6.7"]
[White "Moritz, Hartmut"]
[Black "Hermann, Matthias"]
[Result "0-1"]
[WhiteElo "1983"]
[BlackElo "2217"]
[PlyCount "124"]
[EventDate "2012.10.14"]
[EventType "team-tourn"]
[EventRounds "9"]
[EventCountry "GER"]
[SourceTitle "EXT 2015"]
[Source "ChessBase"]
[SourceDate "2014.11.20"]
[SourceVersion "1"]
[SourceVersionDate "2014.11.20"]
[SourceQuality "1"]
[WhiteTeam "Rostock"]
[BlackTeam "Hamburg Schachfreunde"]
[WhiteTeamCountry "GER"]
[BlackTeamCountry "GER"]

1. e4 d6 2. d4 g6 3. Nf3 Bg7 4. Bc4 Nf6 5. Nc3 0-0 6. Bg5 Bg4 7. h3 Bxf3 8. Qxf3 Nc6 9. Ne2 h6 10. Be3 e5 11. 0-0 Qe8 12. d5 Ne7 13. a4 a6 14. a5 Nh7 15. Qg3 f5 16. exf5 Nxf5 17. Qh2 Nf6 18. g4 Nh4 19. f4 exf4 20. Bxf4 Qe4 21. Bd3 Nf3+ 22. Rxf3 Qxf3 23. Rf1 Qxd5 24. Bxg6 Qxa5 25. Qg2 Qd5 26. Qg3 Nd7 27. Qe3 Qc5 28. Bf5 Rae8 29. Qxc5 Nxc5 30. Nc3 Bxc3 31. bxc3 Kg7 32. Rf2 Re1+ 33. Kg2 Ne4 34. Bxe4 Rxe4 35. Bxh6+ Kxh6 36. Rxf8 Rc4 37. Rh8+ Kg7 38. Rb8 b6 39. g5 a5 40. Kf3 a4 41. Ra8 b5 42. Ra7 Kg6 43. h4 Rxh4 44. Rxc7 a3 45. Rc6 Rc4 46. Rxd6+ Kh5 47. Ra6 Ra4 48. Rh6+ Kxg5 49. Rh1 a2 50. Ra1 Kf5 51. Ke3 Ke5 52. Kd2 Ke4 53. Kc1 Ke3 54. Kb2 Kd2 55. Kb3 Ra8 56. Kb2 Ra7 57. Kb3 Ra4 58. Kb2 b4 59. cxb4 Rxb4+ 60. Ka3 Kc3 61. Rg1 a1R+ 62. Rxa1 Rb8 0-1

[Event "Oberliga Nord N 1213"]
[Site "Germany"]
[Date "2012.11.25"]
[Round "3.8"]
[White "Voelzke, Kurt"]
[Black "Hermann, Matthias"]
[Result "1/2-1/2"]
[WhiteElo "2209"]
[BlackElo "2217"]
[PlyCount "134"]
[EventDate "2012.10.14"]
[EventType "team-tourn"]
[EventRounds "9"]
[EventCountry "GER"]
[SourceTitle "EXT 2015"]
[Source "ChessBase"]
[SourceDate "2014.11.20"]
[SourceVersion "1"]
[SourceVersionDate "2014.11.20"]
[SourceQuality "1"]
[WhiteTeam "Kiel Turm"]
[BlackTeam "Hamburg Schachfreunde"]
[WhiteTeamCountry "GER"]
[BlackTeamCountry "GER"]

1. Nf3 Nf6 2. c4 d6 3. d4 g6 4. Nc3 Bg7 5. g3 0-0 6. Bg2 c6 7. 0-0 Bg4 8. h3 Bxf3 9. Bxf3 Nbd7 10. b3 e5 11. dxe5 dxe5 12. Qc2 Re8 13. Be3 Nf8 14. Rfd1 Qa5 15. Rab1 Rad8 16. b4 Rxd1+ 17. Nxd1 Qc7 18. Qa4 e4 19. Bg2 b6 20. Bf4 Qb7 21. Nc3 Nh5 22. Nxe4 Nxf4 23. gxf4 Qc7 24. e3 Rd8 25. Rd1 b5 26. Qc2 Rxd1+ 27. Qxd1 bxc4 28. Qc2 c3 29. Nxc3 Qd6 30. a3 a5 31. Ne4 Qe7 32. Qc4 axb4 33. axb4 Ne6 34. Nd2 Bf8 35. Qxc6 Qxb4 36. Ne4 Qe7 37. Qd5 Qd8 38. Qb5 Be7 39. Bf1 Qa8 40. Qe5 Qd8 41. Bc4 Ng7 42. Ng5 Bxg5 43. fxg5 Nf5 44. Qf4 Qd6 45. Qxd6 Nxd6 46. Bd5 Kg7 47. Kg2 h6 48. h4 f6 49. gxf6+ Kxf6 50. Kf3 Ke5 51. Bc6 Nc4 52. Kg4 Kf6 53. Bd5 Ne5+ 54. Kg3 g5 55. h5 Ke7 56. Bf3 Kf6 57. Bg4 Nc4 58. Bd1 Ke5 59. Kf3 Nd2+ 60. Ke2 Ne4 61. Bc2 Nf6 62. Bg6 Nd5 63. Kf3 Nf6 64. Bf7 Ne4 65. Bg6 Nf6 66. Kg3 Nd5 67. Bd3 Ne7 1/2-1/2

[Event "Hamburg-chT Landesliga 1011"]
[Site "Hamburg"]
[Date "2011.04.17"]
[Round "9.3"]
[White "Stelting, Thorsten"]
[Black "Hermann, Matthias"]
[Result "1/2-1/2"]
[WhiteElo "2248"]
[BlackElo "2230"]
[PlyCount "174"]
[EventDate "2010.10.10"]
[EventType "team-tourn"]
[EventRounds "9"]
[EventCountry "GER"]
[SourceTitle "EXT 2022"]
[Source "ChessBase"]
[SourceDate "2021.10.06"]
[SourceVersion "1"]
[SourceVersionDate "2021.10.06"]
[SourceQuality "1"]
[WhiteTeam "St Pauli"]
[BlackTeam "Hamburg Schachfreunde"]
[WhiteTeamCountry "GER"]
[BlackTeamCountry "GER"]

1. e4 d5 2. Nc3 dxe4 3. Nxe4 Nd7 4. d4 Ngf6 5. Bd3 Nxe4 6. Bxe4 Nf6 7. Bf3 c6 8. c3 g6 9. Bf4 Bg7 10. Qd2 h5 11. h3 Bf5 12. Ne2 Be4 13. Bxe4 Nxe4 14. Qe3 Nf6 15. Bg5 Qd5 16. Bxf6 Bxf6 17. Nf4 Qb5 18. Nd3 0-0-0 19. 0-0 Rhe8 20. a4 Qd5 21. f4 g5 22. fxg5 Bxg5 23. Qf3 f6 24. Rae1 Qxf3 25. Rxf3 Rd5 26. Re4 b6 27. h4 f5 28. Re5 Rxe5 29. Nxe5 Bxh4 30. Rxf5 Kc7 31. Rxh5 Bf6 32. Kf2 Rf8 33. Nf3 Kd6 34. g4 c5 35. dxc5+ bxc5 36. g5 Be5 37. g6 Bf6 38. Rh2 Rg8 39. Rg2 Ke6 40. Ke3 Kf5 41. b4 Rxg6 42. Rxg6 Kxg6 43. bxc5 Kf7 44. Nd4 Ke8 45. Ke4 Kd7 46. Kd5 e6+ 47. Nxe6 Bxc3 48. c6+ Kc8 49. Nd4 Be1 50. Nb5 Bf2 51. Nd4 Kc7 52. Ne6+ Kc8 53. Kc4 Bg1 54. Kb5 Bf2 55. Nf4 Bg1 56. Nd5 Bf2 57. a5 Bg3 58. Ka6 Bf2 59. Kb5 Bg3 60. a6 Bh2 61. Nb6+ Kb8 62. Nd5 Kc8 63. Kc5 Bg1+ 64. Kd6 Bh2+ 65. Ke6 Bg3 66. Ke7 Bh4+ 67. Kd6 Bg3+ 68. Kc5 Bf2+ 69. Kb5 Bg3 70. Nc3 Kc7 71. Kc5 Bf2+ 72. Kd5 Bg1 73. Nb5+ Kc8 74. Kd6 Bh2+ 75. Ke6 Bg1 76. Ke5 Bf2 77. Kd5 Bg1 78. Nd6+ Kc7 79. Ne8+ Kc8 80. Kd6 Bh2+ 81. Ke6 Bg3 82. Nf6 Kc7 83. Kd5 Kc8 84. Ne4 Bh2 85. Nc3 Bg1 86. Nb5 Bf2 87. c7 Kd7 1/2-1/2

[Event "BL2-Nord 0607"]
[Site "Germany"]
[Date "2007.02.25"]
[Round "6.6"]
[White "Raabe, Peter"]
[Black "Hermann, Matthias"]
[Result "0-1"]
[WhiteElo "2135"]
[BlackElo "2270"]
[PlyCount "70"]
[EventDate "2006.10.15"]
[EventType "team-tourn"]
[EventRounds "9"]
[EventCountry "GER"]
[SourceTitle "EXT 2008"]
[Source "ChessBase"]
[SourceDate "2007.11.25"]
[SourceVersion "1"]
[SourceVersionDate "2007.11.25"]
[SourceQuality "1"]
[WhiteTeam "Uelzen Post"]
[BlackTeam "Hamburg Schachfreunde"]
[WhiteTeamCountry "GER"]
[BlackTeamCountry "GER"]

1. d4 Nf6 2. Nf3 g6 3. Bf4 Bg7 4. e3 d6 5. Bc4 Bg4 6. c3 0-0 7. Nbd2 Nc6 8. h3 e5 9. Bg5 Bxf3 10. Qxf3 h6 11. Bh4 Qd7 12. 0-0 Rae8 13. Bb5 g5 14. Bg3 e4 15. Qd1 Qd8 16. Qa4 Qa8 17. c4 Re7 18. Bxc6 bxc6 19. Rac1 Nd7 20. Nb3 f5 21. c5 dxc5 22. Nxc5 Nb6 23. Qc2 Nd5 24. Nb3 Re6 25. Nc5 Re7 26. Rfe1 Kh8 27. a3 Qe8 28. Na6 Rf6 29. Be5 Rg6 30. Bxg7+ Rexg7 31. Qc5 g4 32. hxg4 Rxg4 33. g3 Qh5 34. Rc2 Qh3 35. Ree2 Rg8 0-1

[Event "BL2-Nord 0607"]
[Site "Germany"]
[Date "2006.11.19"]
[Round "3.6"]
[White "Marxen, Peter"]
[Black "Hermann, Matthias"]
[Result "1-0"]
[WhiteElo "2175"]
[BlackElo "2270"]
[PlyCount "109"]
[EventDate "2006.10.15"]
[EventType "team-tourn"]
[EventRounds "9"]
[EventCountry "GER"]
[SourceTitle "EXT 2008"]
[Source "ChessBase"]
[SourceDate "2007.11.25"]
[SourceVersion "1"]
[SourceVersionDate "2007.11.25"]
[SourceQuality "1"]
[WhiteTeam "Preetz"]
[BlackTeam "Hamburg Schachfreunde"]
[WhiteTeamCountry "GER"]
[BlackTeamCountry "GER"]

1. e4 d6 2. d4 g6 3. Nc3 Bg7 4. Nf3 Bg4 5. Be2 c6 6. 0-0 Qb6 7. Ng5 Bxe2 8. Nxe2 Nd7 9. Qd3 h6 10. Nf3 Ngf6 11. e5 dxe5 12. Nxe5 c5 13. Nxd7 Nxd7 14. Be3 Rc8 15. Rab1 0-0 16. Rfd1 c4 17. Qa3 Rfe8 18. d5 Qc7 19. d6 exd6 20. Qxd6 Nc5 21. Qxc7 Rxc7 22. Kf1 Ne6 23. Nd4 Bxd4 24. Bxd4 Rd7 25. Be3 Rdd8 26. Rxd8 Rxd8 27. Ke2 Kg7 28. Rd1 Rxd1 29. Kxd1 a6 30. Kd2 b5 31. Kc3 f5 32. Kb4 g5 33. Bb6 Nf4 34. g3 Nd5+ 35. Ka5 Kg6 36. Kxa6 b4 37. Kb5 c3 38. bxc3 Nxc3+ 39. Kxb4 Nxa2+ 40. Kc4 f4 41. Bd4 Nc1 42. Bb2 Ne2 43. Kd3 fxg3 44. hxg3 Ng1 45. g4 Nf3 46. Ke3 Ne1 47. c4 h5 48. gxh5+ Kxh5 49. c5 Nc2+ 50. Kd3 Nb4+ 51. Kc4 Nc6 52. Kb5 Nd8 53. c6 Ne6 54. Kb6 Kg4 55. Be5 1-0

[Event "Oberliga Nord N 0506"]
[Site "Germany"]
[Date "2005.11.27"]
[Round "3.8"]
[White "Von Rahden, Arvid"]
[Black "Hermann, Matthias"]
[Result "0-1"]
[WhiteElo "2147"]
[BlackElo "2244"]
[PlyCount "42"]
[EventDate "2005.10.23"]
[EventType "team-tourn"]
[EventRounds "9"]
[EventCountry "GER"]
[SourceTitle "EXT 2007"]
[Source "ChessBase"]
[SourceDate "2006.11.23"]
[SourceVersion "1"]
[SourceVersionDate "2006.11.23"]
[SourceQuality "1"]
[WhiteTeam "Rostock"]
[BlackTeam "Hamburg Schachfreunde"]
[WhiteTeamCountry "GER"]
[BlackTeamCountry "GER"]

1. e4 c6 2. d3 d5 3. Bf4 Qb6 4. Qc1 Nf6 5. Nd2 Nbd7 6. Ngf3 e5 7. Bg3 Bc5 8. Be2 Nh5 9. 0-0 Nxg3 10. hxg3 0-0 11. g4 Nf6 12. Nh2 Be6 13. c3 a5 14. g5 Nd7 15. Ng4 Be7 16. Kh1 Bxg5 17. Nxe5 Nxe5 18. f4 Bh6 19. Qd1 Qe3 20. Nf3 Qxf4 21. d4 Ng4 0-1

[Event "Oberliga Nord N 0405"]
[Site "Germany"]
[Date "2005.04.10"]
[Round "9.7"]
[White "Hermann, Matthias"]
[Black "Wiebe, Patrick Martin"]
[Result "1/2-1/2"]
[WhiteElo "2226"]
[BlackElo "2215"]
[PlyCount "32"]
[EventDate "2004.10.24"]
[EventType "team-tourn"]
[EventRounds "9"]
[EventCountry "GER"]
[SourceTitle "EXT 2006"]
[Source "ChessBase"]
[SourceDate "2005.11.24"]
[SourceVersion "1"]
[SourceVersionDate "2005.11.24"]
[SourceQuality "1"]
[WhiteTeam "Hamburg SV 1934"]
[BlackTeam "Kiel Meerbauer"]
[WhiteTeamCountry "GER"]
[BlackTeamCountry "GER"]

1. Nc3 e6 2. e4 d5 3. f4 Nf6 4. e5 Nfd7 5. Nf3 c5 6. Qe2 a6 7. g3 b5 8. Bg2 Bb7 9. 0-0 b4 10. Nd1 g6 11. d3 Be7 12. Nf2 Nc6 13. Bd2 Nb6 14. Rae1 Qd7 15. c3 Na4 16. Qd1 Na7 1/2-1/2

[Event "Oberliga Nord N 0405"]
[Site "Germany"]
[Date "2005.01.16"]
[Round "5.8"]
[White "Hermann, Matthias"]
[Black "Lucas, Michael"]
[Result "1-0"]
[WhiteElo "2226"]
[BlackElo "2113"]
[PlyCount "131"]
[EventDate "2004.10.24"]
[EventType "team-tourn"]
[EventRounds "9"]
[EventCountry "GER"]
[SourceTitle "EXT 2006"]
[Source "ChessBase"]
[SourceDate "2005.11.24"]
[SourceVersion "1"]
[SourceVersionDate "2005.11.24"]
[SourceQuality "1"]
[WhiteTeam "Hamburg SV 1934"]
[BlackTeam "Luebeck II"]
[WhiteTeamCountry "GER"]
[BlackTeamCountry "GER"]

1. Nf3 Nf6 2. b3 g6 3. Bb2 Bg7 4. c4 d6 5. d4 0-0 6. Nc3 Nbd7 7. e3 e5 8. Be2 Re8 9. 0-0 h6 10. Qc2 c6 11. Rfd1 Qc7 12. Ba3 exd4 13. Rxd4 Nc5 14. Rad1 Bf5 15. Qc1 Nfe4 16. Nxe4 Nxe4 17. R4d3 Rad8 18. Nd4 Bc8 19. Bf3 Nc5 20. R3d2 a5 21. Ne2 h5 22. h3 Bf5 23. Ng3 Bc8 24. Bxc5 dxc5 25. Ne4 b6 26. Nd6 Rf8 27. Nxc8 Qxc8 28. Rd6 Be5 29. Rxc6 Qb8 30. Bd5 Kg7 31. Qc2 Rd6 32. f4 Rxc6 33. Bxc6 Qc7 34. Qe4 Bd6 35. Kf2 Rd8 36. Kf3 Be7 37. Bd5 Bf6 38. g4 hxg4+ 39. hxg4 g5 40. Rh1 Rh8 41. Rxh8 Kxh8 42. Qf5 Qe7 43. Be4 Kg7 44. Qh7+ Kf8 45. fxg5 Bg7 46. Qf5 Be5 47. Ke2 Kg7 48. Qh7+ Kf8 49. Bd5 Bg7 50. g6 Qf6 51. gxf7 Qb2+ 52. Kf3 Qf6+ 53. Kg2 Qb2+ 54. Kh3 Ke7 55. Qg8 Bf8 56. Qg5+ Qf6 57. Kh4 Bg7 58. Kh5 Kf8 59. Qxf6 Bxf6 60. Kg6 Bg7 61. g5 Bh8 62. e4 Bg7 63. Kf5 Ke7 64. e5 Bh8 65. e6 Kf8 66. Kg6 1-0

[Event "BL2-Nord 0304"]
[Site "Germany"]
[Date "2004.??.??"]
[Round "?.7"]
[White "Hermann, Matthias"]
[Black "Pachow, Joerg"]
[Result "0-1"]
[WhiteElo "2235"]
[BlackElo "2330"]
[PlyCount "106"]
[EventDate "2003.10.??"]
[EventType "team-tourn"]
[EventRounds "9"]
[EventCountry "GER"]
[SourceTitle "CBM 100 Extra"]
[Source "ChessBase"]
[SourceDate "2004.07.06"]
[SourceVersion "2"]
[SourceVersionDate "2004.07.06"]
[SourceQuality "1"]
[WhiteTeam "Hamburg Schachfreunde"]
[BlackTeam "Koenig Tegel"]
[WhiteTeamCountry "GER"]
[BlackTeamCountry "GER"]

1. Nc3 g6 2. f4 Bg7 3. e4 c5 4. Nf3 Nc6 5. Bc4 Na5 6. Qe2 Nxc4 7. Qxc4 d6 8. d4 Nh6 9. dxc5 0-0 10. cxd6 Qxd6 11. e5 Be6 12. Qd4 Qa6 13. Qb4 Rac8 14. a4 f6 15. Qb5 fxe5 16. fxe5 Ng4 17. Bg5 Nxe5 18. Nxe5 Qxb5 19. axb5 Bxe5 20. Bh6 Rf5 21. Rxa7 Bxc3+ 22. bxc3 Rh5 23. Be3 Re5 24. Kd2 Rxb5 25. Re1 h5 26. Bd4 Kf7 27. Re5 Rxe5 28. Bxe5 Bd5 29. g3 Ke6 30. Bd4 Kf5 31. Ra5 e6 32. Ra1 Kg4 33. Rf1 Kh3 34. Rf2 Re8 35. Be5 Be4 36. Ke3 Bf5 37. Rf4 g5 38. Rb4 Re7 39. c4 Rd7 40. Rb6 g4 41. c5 Kxh2 42. Rd6 Rf7 43. c4 h4 44. gxh4+ Kh3 45. c6 bxc6 46. Rxc6 g3 47. Ra6 g2 48. Ra1 Bb1 49. Rxb1 Rf1 50. Rb3 g1Q+ 51. Ke2+ Kxh4 52. Bg3+ Kh5 53. Re3 Qg2+ 0-1

[Event "Oberliga Nord N 9899"]
[Site "Germany"]
[Date "1999.??.??"]
[Round "?"]
[White "Hermann, Matthias"]
[Black "Neukirch, Detlef"]
[Result "1-0"]
[WhiteElo "2205"]
[BlackElo "2310"]
[PlyCount "79"]
[EventDate "1998.10.??"]
[EventType "team-tourn"]
[EventRounds "9"]
[EventCountry "GER"]
[SourceTitle "EXT 2000"]
[Source "ChessBase"]
[SourceDate "1999.11.16"]
[SourceVersion "1"]
[SourceVersionDate "1999.11.16"]
[SourceQuality "1"]

1. f4 c5 2. Nf3 Nc6 3. b3 d5 4. Bb2 Nf6 5. g3 g6 6. Bg2 Bg7 7. 0-0 0-0 8. e3 d4 9. Qe2 Bf5 10. Ne1 Bg4 11. Qb5 Qb6 12. a4 Bf5 13. exd4 cxd4 14. Qxb6 axb6 15. Bxc6 bxc6 16. Bxd4 c5 17. Bc3 Ra6 18. Na3 Rfa8 19. Nb5 Rc8 20. d3 Nd5 21. Bxg7 Kxg7 22. c4 Nb4 23. d4 cxd4 24. Nxd4 Bh3 25. Ng2 Ra7 26. Rfd1 Rd7 27. Ne3 Rcd8 28. Nf3 Rxd1+ 29. Rxd1 Rxd1+ 30. Nxd1 Bg4 31. Kf2 Nd3+ 32. Ke3 Ne1 33. Nxe1 Bxd1 34. Nd3 Bxb3 35. c5 bxc5 36. Nxc5 Bd5 37. Kd4 Bc6 38. a5 Kf6 39. a6 Kf5 40. Nb7 1-0

[Event "Oberliga Nord N 9798"]
[Site "Germany"]
[Date "1998.??.??"]
[Round "?"]
[White "Nachtkamp, Herbert"]
[Black "Hermann, Matthias"]
[Result "0-1"]
[WhiteElo "2155"]
[BlackElo "2165"]
[PlyCount "80"]
[EventDate "1997.10.??"]
[EventType "team-tourn"]
[EventRounds "9"]
[EventCountry "GER"]
[SourceTitle "EXT 1999"]
[Source "ChessBase"]
[SourceDate "1998.11.16"]
[SourceVersion "1"]
[SourceVersionDate "1998.11.16"]
[SourceQuality "1"]

1. d4 Nf6 2. Nf3 g6 3. Nc3 Bg7 4. e4 0-0 5. Bf4 d6 6. Qd2 c6 7. Bd3 Bg4 8. 0-0 Bxf3 9. gxf3 Nh5 10. Bh6 Bxd4 11. Bxf8 Qxf8 12. Ne2 Be5 13. Rad1 Nf4 14. Ng3 Nd7 15. Rfe1 Nc5 16. Bf1 Qg7 17. c3 Qf6 18. Qc2 h5 19. Re3 h4 20. Bc4 b5 21. b4 Nce6 22. Bxe6 Qxe6 23. Kh1 a5 24. Qb3 Qh3 25. Rg1 hxg3 26. fxg3 Nh5 27. f4 Nxf4 28. Rf3 Ne6 29. Rgf1 a4 30. Qc2 Ng5 31. R3f2 f6 32. Kg1 Qg4 33. Re2 Bxc3 34. Qd3 Be5 35. Rc1 Nf3+ 36. Kg2 Nd4 37. Rf2 Kg7 38. h3 Qe6 39. Rcf1 c5 40. bxc5 dxc5 0-1